00729 2200241 4500001002100000005001500021035002000036007000300056008003900059020001700098082000800115084001400123100002100137245011100158250001400269260003900283300003700322500001100359650003700370650004200407990001900449990001900468INLIS00000000000328120221026100016 a0010-1022000062ta221026 | | |  a0-47133098-1 a530 a530 JAN a0 aJanice Vancleave1 aA+ Proyek-Proyek Fisika :bMemenangkan Percobaan Ilmiah utk Lomba dan Pameran Sains... /cJanice Vancleave aCet. 4,-- aBandung. :bPT. Pakar Raya,c2009. a231 hlm. :bilus. ;c15 x 23 cm. aIndeks aPengalih bahasa, Firman Alamsyah aPenyunting Bahasa, Ir. Rudiyanto, M.A a13801/P/B/2016 a13800/P/B/2016